[Event "25. Open Internacional de Parla 2010"]
[Site "Parla ESP"]
[Date "2010.09.04"]
[Round "1.1"]
[White "Lozano Sanchez, Jose Antonio"]
[Black "Corrales Jimenez, Fidel"]
[Result "0-1"]
[WhiteElo "1914"]
[BlackElo "2599"]
[PlyCount "62"]
[EventDate "2010.09.04"]
[EventType "swiss"]
[EventRounds "9"]
[EventCountry "ESP"]
[Source "lmi"]
[SourceDate "2010.09.04"]

1. e4 c5 2. Nf3 d6 3. Bc4 Nc6 4. Nc3 g6 5. d3 Bg7 6. O-O e6 7. Bf4 Nge7 8. h3
O-O 9. a4 h6 10. Re1 g5 11. Bd2 d5 12. exd5 exd5 13. Bb3 Be6 14. Qc1 Ng6 15.
Ne2 Qf6 16. Bc3 d4 17. Bd2 Bxb3 18. cxb3 Nge5 19. Nxe5 Nxe5 20. Qc2 Qg6 21. Nc1
Rfe8 22. Qxc5 Re6 23. Qc2 Rae8 24. Kf1 g4 25. hxg4 Qxg4 26. Ne2 Nf3 27. gxf3
Qh3+ 28. Kg1 Rxe2 29. Rxe2 Rxe2 30. Re1 Be5 31. f4 Bxf4 0-1

[Event "25. Open Internacional de Parla 2010"]
[Site "Parla ESP"]
[Date "2010.09.04"]
[Round "1.2"]
[White "Strikovic, Aleksa"]
[Black "Laynez Aspenberg, Jose"]
[Result "1-0"]
[WhiteElo "2560"]
[BlackElo "1912"]
[PlyCount "59"]
[EventDate "2010.09.04"]
[EventType "swiss"]
[EventRounds "9"]
[EventCountry "ESP"]
[Source "lmi"]
[SourceDate "2010.09.04"]

1. c4 c5 2. Nf3 Nf6 3. d4 cxd4 4. Nxd4 g6 5. Nc3 Bg7 6. e4 d6 7. Be2 Nc6 8. Be3
Bd7 9. O-O O-O 10. Qd2 Nxd4 11. Bxd4 Bc6 12. f3 a5 13. Rab1 Nd7 14. Be3 Nc5 15.
Rfc1 Qb6 16. b3 Rfc8 17. Rc2 Qd8 18. a3 Qf8 19. b4 axb4 20. axb4 Na4 21. Nd1
Qd8 22. Bf1 Nb6 23. Qf2 Na4 24. Rb3 Bd7 25. Ra3 Qe8 26. Bd4 Qf8 27. Rca2 Bxd4
28. Qxd4 Qg7 29. Qf2 Qe5 30. b5 1-0

[Event "25. Open Internacional de Parla 2010"]
[Site "Parla ESP"]
[Date "2010.09.04"]
[Round "1.3"]
[White "Lucas Garcia, Pedro"]
[Black "Vazquez Igarza, Renier"]
[Result "0-1"]
[WhiteElo "1898"]
[BlackElo "2535"]
[PlyCount "112"]
[EventDate "2010.09.04"]
[EventType "swiss"]
[EventRounds "9"]
[EventCountry "ESP"]
[Source "lmi"]
[SourceDate "2010.09.04"]

1. e4 c5 2. Nf3 e6 3. d4 cxd4 4. Nxd4 Nc6 5. Nb5 d6 6. Bf4 e5 7. Be3 a6 8. N5c3
Nf6 9. Nd5 Nxd5 10. Qxd5 Be6 11. Qd2 d5 12. exd5 Bxd5 13. Nc3 Be6 14. Qxd8+
Rxd8 15. Rd1 Nd4 16. Bd3 Bb4 17. O-O Bxc3 18. bxc3 Nc6 19. a4 O-O 20. Rb1 Rd7
21. Bb6 Rc8 22. Rfd1 f5 23. f3 Kf7 24. Kf2 Kf6 25. g3 g5 26. Be2 Nb8 27. Ba5
Rxd1 28. Bxd1 Bd5 29. Be2 Nd7 30. Bb4 Ke6 31. Rd1 Nb6 32. a5 Nc4 33. h4 gxh4
34. gxh4 f4 35. Bxc4 Rxc4 36. Rg1 Kf6 37. Rd1 Ke6 38. Rg1 Rc7 39. Rg5 Rd7 40.
c4 Bxc4 41. Bc3 Rd5 42. Rg7 Bb5 43. Rxh7 Rc5 44. Bb4 Rxc2+ 45. Ke1 Re2+ 46. Kd1
Re3 47. h5 Rxf3 48. h6 Rh3 49. Rxb7 Bd3 50. Bf8 Rh2 51. Re7+ Kf6 52. Rd7 Bf5
53. Bg7+ Kg5 54. Rd6 e4 55. Rd5 Kg4 56. Ke1 e3 0-1

[Event "25. Open Internacional de Parla 2010"]
[Site "Parla ESP"]
[Date "2010.09.04"]
[Round "1.5"]
[White "Martin Espeja, Jorge Juan"]
[Black "Del Rio de Angelis, Salvador G"]
[Result "0-1"]
[WhiteElo "1884"]
[BlackElo "2515"]
[PlyCount "50"]
[EventDate "2010.09.04"]
[EventType "swiss"]
[EventRounds "9"]
[EventCountry "ESP"]
[Source "lmi"]
[SourceDate "2010.09.04"]

1. e4 e6 2. d4 d5 3. exd5 exd5 4. Bd3 c5 5. Qe2+ Be7 6. dxc5 Nf6 7. Nf3 O-O 8.
O-O Bxc5 9. Bg5 h6 10. Bh4 Nc6 11. h3 Qd6 12. Re1 g5 13. Bg3 Qxg3 14. Kh1 Bxf2
15. Rf1 Bb6 16. Nc3 Re8 17. Qd1 Nh5 18. Nxd5 Bxh3 19. Qd2 Ba5 20. b4 Nxb4 21.
gxh3 Nxd5 22. Qxa5 Nhf4 23. Qd2 Re2 24. Qxe2 Nxe2 25. Bxe2 Nf4 0-1

[Event "25. Open Internacional de Parla 2010"]
[Site "Parla ESP"]
[Date "2010.09.04"]
[Round "1.6"]
[White "Gomez Garrido, Camilo"]
[Black "Pablos Tenrero, Raquel"]
[Result "1-0"]
[WhiteElo "2514"]
[BlackElo "1884"]
[PlyCount "139"]
[EventDate "2010.09.04"]
[EventType "swiss"]
[EventRounds "9"]
[EventCountry "ESP"]
[Source "lmi"]
[SourceDate "2010.09.04"]

1. e4 e5 2. Nf3 Nc6 3. Bb5 a6 4. Ba4 Nf6 5. O-O Be7 6. Re1 b5 7. Bb3 d6 8. c3
O-O 9. h3 Na5 10. Bc2 c5 11. d4 Qc7 12. d5 c4 13. b4 cxb3 14. axb3 Bd7 15. Ba3
Qd8 16. Nxe5 dxe5 17. Bxe7 Qxe7 18. Rxa5 Qd6 19. Nd2 Rfc8 20. c4 Qb4 21. Ra2
Ne8 22. Bd3 f6 23. Nf3 Nd6 24. Qd2 Qxd2 25. Nxd2 bxc4 26. bxc4 Nb7 27. Rea1 a5
28. Bc2 Kf8 29. Ba4 Ke7 30. f3 Bxa4 31. Rxa4 Kd6 32. Nb3 Rc7 33. Nxa5 Nxa5 34.
Rxa5 Rxa5 35. Rxa5 Rxc4 36. Ra7 g6 37. Rxh7 f5 38. Rh4 Rd4 39. Kh2 Rb4 40. Kg3
Rb3 41. Kh2 Rb4 42. Rh6 fxe4 43. Rxg6+ Kxd5 44. Rg4 Rd4 45. fxe4+ Rxe4 46. Rxe4
Kxe4 47. h4 Kd3 48. h5 e4 49. h6 e3 50. h7 e2 51. h8=Q e1=Q 52. Qd8+ Kc4 53.
Qc7+ Kd5 54. Qf7+ Kc6 55. Qf4 Qe7 56. g4 Qe2+ 57. Kh3 Qd3+ 58. Kh4 Qh7+ 59. Kg5
Qg7+ 60. Kh5 Kd7 61. Qf5+ Kc7 62. g5 Qh8+ 63. Kg6 Qh2 64. Kg7 Kd8 65. g6 Kc7
66. Kg8 Kc6 67. g7 Qb8+ 68. Kh7 Qh2+ 69. Kg6 Qg3+ 70. Kf6 1-0

[Event "25. Open Internacional de Parla 2010"]
[Site "Parla ESP"]
[Date "2010.09.04"]
[Round "1.7"]
[White "Cavalle Pulla, Daniel"]
[Black "Roa Alonso, Santiago"]
[Result "0-1"]
[WhiteElo "1847"]
[BlackElo "2454"]
[PlyCount "58"]
[EventDate "2010.09.04"]
[EventType "swiss"]
[EventRounds "9"]
[EventCountry "ESP"]
[Source "lmi"]
[SourceDate "2010.09.04"]

1. e4 Nf6 2. e5 Nd5 3. d4 d6 4. c4 Nb6 5. exd6 cxd6 6. Nc3 g6 7. b3 Bg7 8. Bb2
O-O 9. h3 Nc6 10. Nf3 e5 11. d5 Nd4 12. Bd3 Nxf3+ 13. Qxf3 f5 14. Bc2 e4 15.
Qe2 Qg5 16. O-O Nd7 17. Rad1 Ne5 18. Bc1 Qh4 19. Nb5 f4 20. Bxe4 f3 21. Bxf3
Nxf3+ 22. gxf3 Bxh3 23. Rfe1 Be5 24. Qe4 Bf4 25. Qe7 Bh2+ 26. Kh1 Qh5 27. Qg5
Qxf3+ 28. Kxh2 Qxf2+ 29. Kh1 Rf5 0-1

[Event "25. Open Internacional de Parla 2010"]
[Site "Parla ESP"]
[Date "2010.09.04"]
[Round "1.8"]
[White "Barria Zuñiga, Daniel"]
[Black "Feringan Casanova, Antonio"]
[Result "1-0"]
[WhiteElo "2419"]
[BlackElo "1844"]
[PlyCount "50"]
[EventDate "2010.09.04"]
[EventType "swiss"]
[EventRounds "9"]
[EventCountry "ESP"]
[Source "lmi"]
[SourceDate "2010.09.04"]

1. d4 Nf6 2. c4 g6 3. Nc3 Bg7 4. e4 d6 5. Nf3 O-O 6. Be2 Nbd7 7. O-O c5 8. d5
Nb6 9. h3 e6 10. Bg5 h6 11. Be3 exd5 12. cxd5 a6 13. a4 Re8 14. Bd3 Nbd7 15.
Bf4 Qb6 16. Qc2 Nh5 17. Be3 Nhf6 18. Rfe1 Qb4 19. Nd2 Rb8 20. Nc4 b5 21. axb5
Nxe4 22. Nxe4 axb5 23. Bd2 bxc4 24. Bxb4 cxb4 25. Nxd6 Re7 1-0

[Event "25. Open Internacional de Parla 2010"]
[Site "Parla ESP"]
[Date "2010.09.04"]
[Round "1.10"]
[White "Taboas Rodriguez, Daniel"]
[Black "Nieto Esteban, Manuel"]
[Result "1-0"]
[WhiteElo "2381"]
[BlackElo "1823"]
[PlyCount "29"]
[EventDate "2010.09.04"]
[EventType "swiss"]
[EventRounds "9"]
[EventCountry "ESP"]
[Source "lmi"]
[SourceDate "2010.09.04"]

1. d4 f5 2. Bg5 g6 3. Nd2 d5 4. Ngf3 Nf6 5. Bxf6 exf6 6. e3 Be6 7. Be2 c6 8.
O-O Bd6 9. c4 dxc4 10. Bxc4 Qe7 11. Qb3 Bxc4 12. Nxc4 b6 13. Rfe1 Nd7 14. e4
fxe4 15. Rxe4 1-0

[Event "25. Open Internacional de Parla 2010"]
[Site "Parla ESP"]
[Date "2010.09.04"]
[Round "1.11"]
[White "Callejo Hernanz, Jesus Maria"]
[Black "Rubio Mejia, Luis Ignacio"]
[Result "0-1"]
[WhiteElo "1815"]
[BlackElo "2373"]
[PlyCount "44"]
[EventDate "2010.09.04"]
[EventType "swiss"]
[EventRounds "9"]
[EventCountry "ESP"]
[Source "lmi"]
[SourceDate "2010.09.04"]

1. d4 Nf6 2. c4 e6 3. Nf3 b6 4. g3 Bb7 5. Bg2 Be7 6. Nc3 Ne4 7. O-O Nxc3 8.
bxc3 O-O 9. a4 Be4 10. a5 Nc6 11. Ne5 Bxg2 12. Nxc6 Bxc6 13. d5 exd5 14. cxd5
Bb5 15. Qc2 Bc4 16. axb6 cxb6 17. Rd1 Bc5 18. Ba3 Bxa3 19. Rxa3 Qe7 20. d6 Qxe2
21. Qc1 Qf3 22. Qd2 Rfe8 0-1

[Event "25. Open Internacional de Parla 2010"]
[Site "Parla ESP"]
[Date "2010.09.04"]
[Round "1.12"]
[White "Elissalt Cardenas, Hector"]
[Black "Morona Minguez, Irene"]
[Result "1-0"]
[WhiteElo "2357"]
[BlackElo "1815"]
[PlyCount "77"]
[EventDate "2010.09.04"]
[EventType "swiss"]
[EventRounds "9"]
[EventCountry "ESP"]
[Source "lmi"]
[SourceDate "2010.09.04"]

1. d4 Nf6 2. c4 g6 3. Nc3 Bg7 4. e4 d6 5. Be2 O-O 6. Bg5 Nbd7 7. Qd2 c5 8. d5
Qb6 9. Rb1 e6 10. dxe6 fxe6 11. Nf3 Rf7 12. O-O Ng4 13. Nb5 Nge5 14. Qxd6 Nxf3+
15. gxf3 Ne5 16. Qxb6 axb6 17. f4 h6 18. Bxh6 Bxh6 19. fxe5 Bf4 20. a3 Rh7 21.
Rbd1 Bd7 22. Bg4 Bxb5 23. Bxe6+ Kf8 24. cxb5 Bxh2+ 25. Kg2 Bxe5 26. b3 Rxa3 27.
Rd8+ Kg7 28. f4 Bd4 29. e5 Ra2+ 30. Kf3 Rhh2 31. Rd7+ Kh6 32. Bg8 g5 33. Rh7+
Kg6 34. f5+ Kxf5 35. Rxh2 Rxh2 36. Kg3+ Rf2 37. Rxf2+ Bxf2+ 38. Kxf2 Kxe5 39.
Kg3 1-0

[Event "25. Open Internacional de Parla 2010"]
[Site "Parla ESP"]
[Date "2010.09.04"]
[Round "1.13"]
[White "Ruiz Escobar, Israel"]
[Black "Perez Gonzalez, Jose Manuel"]
[Result "0-1"]
[WhiteElo "1815"]
[BlackElo "2318"]
[PlyCount "64"]
[EventDate "2010.09.04"]
[EventType "swiss"]
[EventRounds "9"]
[EventCountry "ESP"]
[Source "lmi"]
[SourceDate "2010.09.04"]

1. d4 Nf6 2. Bf4 g6 3. Nf3 Bg7 4. e3 O-O 5. Be2 b6 6. h3 Bb7 7. O-O d6 8. Nbd2
c5 9. c3 Nbd7 10. Bh2 Rc8 11. a4 a6 12. Qb3 Rc7 13. Nc4 Bd5 14. Qa3 cxd4 15.
Nxd6 exd6 16. Bxd6 Rc8 17. cxd4 Re8 18. Bxa6 Ra8 19. Be2 Ne4 20. Bh2 Ng5 21.
Nxg5 Qxg5 22. Bg3 Nf6 23. h4 Qf5 24. Bf4 Bc6 25. b3 Nd5 26. Bf3 Nxf4 27. Bxc6
Ne2+ 28. Kh2 Qf6 29. g3 Qxc6 30. Qb2 Qf3 31. Rae1 Rxe3 32. fxe3 Qxg3+ 0-1

[Event "25. Open Internacional de Parla 2010"]
[Site "Parla ESP"]
[Date "2010.09.04"]
[Round "1.14"]
[White "Rodriguez Lopez, Rafael"]
[Black "Fernandez Cabello, Emilio"]
[Result "1-0"]
[WhiteElo "2314"]
[BlackElo "1809"]
[PlyCount "47"]
[EventDate "2010.09.04"]
[EventType "swiss"]
[EventRounds "9"]
[EventCountry "ESP"]
[Source "lmi"]
[SourceDate "2010.09.04"]

1. e4 e6 2. d4 d5 3. Nc3 Nf6 4. e5 Nfd7 5. f4 c5 6. Nf3 a6 7. Be3 cxd4 8. Nxd4
Nc6 9. Qd2 Nxd4 10. Bxd4 Bc5 11. O-O-O b5 12. Ne4 Be7 13. Ng3 g6 14. Kb1 Nb6
15. Bd3 Bd7 16. f5 Qc7 17. f6 Bc5 18. c3 Nc4 19. Bxc4 bxc4 20. Bxc5 Qxc5 21.
Ne4 Qf8 22. Nd6+ Kd8 23. Qd4 Bc6 24. Nxc4 1-0

[Event "25. Open Internacional de Parla 2010"]
[Site "Parla ESP"]
[Date "2010.09.04"]
[Round "1.15"]
[White "Corisco Beltran, Rafael"]
[Black "Longa Yauca, Javier"]
[Result "1-0"]
[WhiteElo "1808"]
[BlackElo "2313"]
[PlyCount "127"]
[EventDate "2010.09.04"]
[EventType "swiss"]
[EventRounds "9"]
[EventCountry "ESP"]
[Source "lmi"]
[SourceDate "2010.09.04"]

1. e4 e5 2. Nf3 Nc6 3. Bb5 a6 4. Ba4 Qf6 5. c3 b5 6. Bb3 Bc5 7. d4 exd4 8. e5
Nxe5 9. Qe2 dxc3 10. Nxe5 Ne7 11. Bxf7+ Kf8 12. Nd3 Bb6 13. Bh5 d6 14. Nxc3 Bf5
15. O-O h6 16. Qf3 Rd8 17. Nb4 g6 18. Bg4 d5 19. Bxf5 Qxf5 20. Qxf5+ gxf5 21.
Nxa6 c6 22. b4 Kf7 23. Ne2 d4 24. Bb2 Rhe8 25. Rad1 Ra8 26. Nc5 Bxc5 27. bxc5
Rxa2 28. Rb1 d3 29. Nf4 Rd8 30. Rfd1 d2 31. Kf1 Ra4 32. g3 Rb4 33. f3 Rb3 34.
Ke2 Nd5 35. Nxd5 Rxd5 36. Rxd2 Rxc5 37. Rbd1 Rd5 38. Rxd5 cxd5 39. Be5 Ke6 40.
Bf4 h5 41. h3 b4 42. g4 fxg4 43. hxg4 hxg4 44. fxg4 Rc3 45. Rd3 Rc4 46. Kf3 Rc5
47. Rb3 Rc4 48. Bd2 Rd4 49. Bxb4 Rd1 50. Re3+ Kf7 51. Ke2 Rd4 52. Re7+ Kg6 53.
Rg7+ Kh6 54. Bc3 Ra4 55. g5+ Kh5 56. Bf6 Rg4 57. Rd7 d4 58. Kd3 Kg6 59. Rxd4
Rg1 60. Ke3 Rg2 61. Kf3 Rg1 62. Rd6 Kf7 63. Bd4 Rf1+ 64. Kg2 1-0

[Event "25. Open Internacional de Parla 2010"]
[Site "Parla ESP"]
[Date "2010.09.04"]
[Round "1.16"]
[White "Sanchez Gonzalez, Sergio"]
[Black "Lopez Garralon, Miguel"]
[Result "1-0"]
[WhiteElo "2288"]
[BlackElo "1788"]
[PlyCount "75"]
[EventDate "2010.09.04"]
[EventType "swiss"]
[EventRounds "9"]
[EventCountry "ESP"]
[Source "lmi"]
[SourceDate "2010.09.04"]

1. c4 d6 2. d4 Nf6 3. Nc3 Nbd7 4. Nf3 e5 5. e4 c6 6. Be2 Be7 7. O-O Qc7 8. b4
h6 9. b5 Nf8 10. a4 g5 11. c5 exd4 12. cxd6 Bxd6 13. Qxd4 Be7 14. e5 Ne6 15.
Qc4 Nd7 16. bxc6 bxc6 17. a5 Bc5 18. Ne4 O-O 19. Nf6+ Nxf6 20. exf6 Bd6 21. h4
Nf4 22. Bxf4 Bxf4 23. Qe4 Rd8 24. Bd3 Rxd3 25. Qe8+ Kh7 26. Qe4+ Kg8 27. Qxd3
Be6 28. hxg5 hxg5 29. g3 Bh3 30. gxf4 Qxf4 31. Nh2 Bxf1 32. Rxf1 Qxf6 33. Ng4
Qe7 34. Nh6+ Kf8 35. Qh7 Ke8 36. Qh8+ Qf8 37. Re1+ Kd7 38. Rd1+ 1-0

[Event "25. Open Internacional de Parla 2010"]
[Site "Parla ESP"]
[Date "2010.09.04"]
[Round "1.17"]
[White "Garcia Salamero, Hector"]
[Black "Ortega Ruiz, Jose Miguel"]
[Result "0-1"]
[WhiteElo "1776"]
[BlackElo "2278"]
[PlyCount "80"]
[EventDate "2010.09.04"]
[EventType "swiss"]
[EventRounds "9"]
[EventCountry "ESP"]
[Source "lmi"]
[SourceDate "2010.09.04"]

1. e4 d5 2. exd5 Qxd5 3. Nc3 Qa5 4. d4 Nf6 5. Bd2 Qb6 6. Nf3 Bg4 7. Be2 Nbd7 8.
O-O e6 9. Re1 c6 10. Ne5 Bf5 11. Nxd7 Nxd7 12. d5 cxd5 13. Bf4 Bc5 14. Bg3 O-O
15. Na4 Qc6 16. Nxc5 Nxc5 17. c3 Qb6 18. Qd4 Rfc8 19. Qb4 Qxb4 20. cxb4 Ne4 21.
Bf4 Rc2 22. f3 Nf6 23. Be5 Rcc8 24. Bb5 a6 25. Ba4 b5 26. Bb3 Bc2 27. Bxc2 Rxc2
28. Bc3 Nd7 29. Kf1 Nb6 30. Re2 Rxe2 31. Kxe2 e5 32. Kd3 f6 33. b3 Kf7 34. Bd2
Ke6 35. Re1 Rc8 36. h3 f5 37. g4 e4+ 38. Kd4 g6 39. gxf5+ gxf5 40. fxe4 dxe4
0-1

[Event "25. Open Internacional de Parla 2010"]
[Site "Parla ESP"]
[Date "2010.09.04"]
[Round "1.18"]
[White "Madina Yadarola, Martin"]
[Black "Tolosana Esteban, Enrique"]
[Result "1-0"]
[WhiteElo "2254"]
[BlackElo "1772"]
[PlyCount "55"]
[EventDate "2010.09.04"]
[EventType "swiss"]
[EventRounds "9"]
[EventCountry "ESP"]
[Source "lmi"]
[SourceDate "2010.09.04"]

1. e4 c5 2. Nf3 d6 3. c3 Nf6 4. h3 Bd7 5. d3 h6 6. Be3 Qb6 7. Qc1 Qc7 8. Nbd2
Bc6 9. Qc2 Nbd7 10. Be2 e6 11. d4 b6 12. O-O Be7 13. b4 cxb4 14. cxb4 Qb7 15.
d5 exd5 16. b5 Bxb5 17. Bxb5 dxe4 18. Bc6 Rc8 19. Nd4 Qb8 20. Nf5 Kf8 21. Nxe7
Kxe7 22. Qa4 d5 23. Nb3 Ne5 24. Nd4 Qc7 25. Rad1 Rhd8 26. Qa3+ Rd6 27. Bf4 Nxc6
28. Bxd6+ 1-0

[Event "25. Open Internacional de Parla 2010"]
[Site "Parla ESP"]
[Date "2010.09.04"]
[Round "1.19"]
[White "Prieto Velasco, Rafael"]
[Black "Ramirez Garcia, Jorge Alberto"]
[Result "0-1"]
[WhiteElo "1758"]
[BlackElo "2256"]
[PlyCount "78"]
[EventDate "2010.09.04"]
[EventType "swiss"]
[EventRounds "9"]
[EventCountry "ESP"]
[Source "lmi"]
[SourceDate "2010.09.04"]

1. d4 Nf6 2. c4 e6 3. Nc3 Bb4 4. e3 c5 5. Nge2 cxd4 6. exd4 d5 7. a3 Be7 8. c5
O-O 9. b4 Nbd7 10. Bf4 Ne8 11. Bg3 f6 12. Nf4 Nc7 13. Be2 Rf7 14. O-O Nf8 15.
Bf3 Bd7 16. Re1 a5 17. Rb1 axb4 18. axb4 g5 19. Nh5 Nb5 20. Nxd5 exd5 21. Bxd5
Bc6 22. Bxf7+ Kxf7 23. Qg4 Qxd4 24. Qf5 Qd7 25. Qc2 Nd4 26. Qc4+ Qd5 27. Qxd5+
Bxd5 28. Rbd1 Nfe6 29. f4 Bb3 30. Rd3 Bc4 31. Rdd1 Kg6 32. Rxd4 Nxd4 33. Rxe7
Ra1+ 34. Be1 Kxh5 35. Rxh7+ Kg6 36. Re7 gxf4 37. Kf2 Ra2+ 38. Kg1 f3 39. gxf3
Nxf3+ 0-1

[Event "25. Open Internacional de Parla 2010"]
[Site "Parla ESP"]
[Date "2010.09.04"]
[Round "1.20"]
[White "Castaño Vanegas, Henry Augusto"]
[Black "Garcia-Ruiz Fuentes, Marcos"]
[Result "1-0"]
[WhiteElo "2205"]
[BlackElo "1749"]
[PlyCount "97"]
[EventDate "2010.09.04"]
[EventType "swiss"]
[EventRounds "9"]
[EventCountry "ESP"]
[Source "lmi"]
[SourceDate "2010.09.04"]

1. e4 c5 2. Nf3 d6 3. d4 cxd4 4. Nxd4 Nf6 5. Nc3 a6 6. Be3 e5 7. Nb3 Be6 8. Qd2
Nbd7 9. f3 Rc8 10. O-O-O b5 11. Kb1 Nb6 12. Qf2 Nc4 13. Bxc4 Bxc4 14. Bb6 Qd7
15. Nc5 Qc6 16. Nd3 Nd7 17. Ba5 Nc5 18. Nb4 Qa8 19. Nbd5 Qc6 20. Nb6 Rb8 21.
Ncd5 Nb7 22. Nxc4 bxc4 23. Qa7 Rc8 24. Bb6 Be7 25. Qxa6 Bd8 26. Qa7 Bf6 27. Be3
O-O 28. Qb6 Qd7 29. Qb4 Qc6 30. Nxf6+ gxf6 31. Bh6 Rfe8 32. Rd5 c3 33. b3 Qa6
34. Rhd1 Rc6 35. Qb5 Qa3 36. Bc1 Qa6 37. a4 Ra8 38. Ba3 Rb6 39. Qxa6 Raxa6 40.
Ka2 Kf8 41. R1d3 Rc6 42. Rb5 Nd8 43. Bb4 Ne6 44. Rxc3 Nd4 45. Rb8+ Kg7 46. Rxc6
Rxc6 47. c4 Nc2 48. Bd2 Nd4 49. a5 1-0

[Event "25. Open Internacional de Parla 2010"]
[Site "Parla ESP"]
[Date "2010.09.04"]
[Round "1.21"]
[White "Garcia Andrinal, Antonio"]
[Black "Ballesteros Gonzalez, David"]
[Result "0-1"]
[WhiteElo "1748"]
[BlackElo "2196"]
[PlyCount "64"]
[EventDate "2010.09.04"]
[EventType "swiss"]
[EventRounds "9"]
[EventCountry "ESP"]
[Source "lmi"]
[SourceDate "2010.09.04"]

1. e4 c5 2. Nf3 d6 3. d4 cxd4 4. Nxd4 Nf6 5. Nc3 a6 6. Bc4 e6 7. Bb3 b5 8. Qe2
Be7 9. O-O O-O 10. Kh1 b4 11. Nd1 Bb7 12. f3 a5 13. Bc4 Nbd7 14. Nf2 Ne5 15.
Bb5 Qc7 16. f4 Ned7 17. Nf3 Rac8 18. e5 Bxf3 19. Qxf3 dxe5 20. Bd3 exf4 21.
Bxf4 Qc6 22. Qg3 Rfe8 23. Ng4 Nxg4 24. Qxg4 f5 25. Qg3 Bf6 26. Qh3 Nc5 27. Bc4
Kh8 28. Rae1 Ne4 29. Bd3 Bxb2 30. Rf3 Bd4 31. Bxe4 fxe4 32. Rg3 Qxc2 0-1

[Event "25. Open Internacional de Parla 2010"]
[Site "Parla ESP"]
[Date "2010.09.04"]
[Round "1.25"]
[White "De la Rosa Bretin, Adrian"]
[Black "Garcia Salamero, Gabriel"]
[Result "0-1"]
[WhiteElo "1712"]
[BlackElo "2180"]
[PlyCount "54"]
[EventDate "2010.09.04"]
[EventType "swiss"]
[EventRounds "9"]
[EventCountry "ESP"]
[Source "lmi"]
[SourceDate "2010.09.04"]

1. e4 e5 2. Nf3 Nf6 3. Nxe5 d6 4. Nf3 Nxe4 5. d4 d5 6. Bd3 Bd6 7. O-O O-O 8.
Re1 f5 9. c4 c6 10. Nc3 Be6 11. cxd5 cxd5 12. Qb3 Qd7 13. Ng5 Nxg5 14. Bxg5 Nc6
15. Bb5 h6 16. Nxd5 Bf7 17. Be7 Kh8 18. Bxf8 Bxd5 19. Bxc6 bxc6 20. Qa4 Rxf8
21. Rac1 Rb8 22. Re2 Qf7 23. a3 Bxh2+ 24. Kf1 Bf4 25. Rc3 Qg6 26. f3 Qh5 27.
Qxa7 Bg3 0-1

[Event "25. Open Internacional de Parla 2010"]
[Site "Parla ESP"]
[Date "2010.09.04"]
[Round "1.26"]
[White "Suarez Uriel, Adrian"]
[Black "Martinez Martinez, Antonio"]
[Result "1-0"]
[WhiteElo "2180"]
[BlackElo "1695"]
[PlyCount "49"]
[EventDate "2010.09.04"]
[EventType "swiss"]
[EventRounds "9"]
[EventCountry "ESP"]
[Source "lmi"]
[SourceDate "2010.09.04"]

1. e4 g6 2. d4 d6 3. Nc3 c6 4. Be3 Bg7 5. Bd3 Qb6 6. Nge2 Qxb2 7. O-O Qb6 8.
Rb1 Qc7 9. f4 Bg4 10. e5 d5 11. f5 Nd7 12. h3 Bxf5 13. Bxf5 gxf5 14. Rxf5 e6
15. Rf2 f6 16. Nf4 Nf8 17. Qh5+ Ke7 18. Qg4 Kf7 19. Nh5 Ng6 20. Nxg7 Kxg7 21.
Qxe6 fxe5 22. Rbf1 Rf8 23. Rxf8 Nxf8 24. Bh6+ Nxh6 25. Qf6+ 1-0

[Event "25. Open Internacional de Parla 2010"]
[Site "Parla ESP"]
[Date "2010.09.04"]
[Round "1.27"]
[White "Gutierrez Garcia, Alberto"]
[Black "Nieto de la Cruz, Julio"]
[Result "0-1"]
[WhiteElo "1694"]
[BlackElo "2147"]
[PlyCount "29"]
[EventDate "2010.09.04"]
[EventType "swiss"]
[EventRounds "9"]
[EventCountry "ESP"]
[Source "lmi"]
[SourceDate "2010.09.04"]

1. d4 Nf6 2. Nf3 c5 3. Bf4 cxd4 4. Nxd4 e5 5. Bg5 exd4 6. Qxd4 Be7 7. Nc3 Nc6
8. Qd2 O-O 9. O-O-O Qa5 10. h4 d6 11. e4 Be6 12. Kb1 Nxe4 13. Qe3 Nxc3+ 14.
bxc3 Qxa2+ 15. Kc1 0-1

[Event "25. Open Internacional de Parla 2010"]
[Site "Parla ESP"]
[Date "2010.09.04"]
[Round "1.28"]
[White "Alcaraz Amoros, Antonio"]
[Black "Garcia-Ines Sanchez, Gustavo"]
[Result "1-0"]
[WhiteElo "2143"]
[BlackElo "1685"]
[PlyCount "87"]
[EventDate "2010.09.04"]
[EventType "swiss"]
[EventRounds "9"]
[EventCountry "ESP"]
[Source "lmi"]
[SourceDate "2010.09.04"]

1. c4 Nf6 2. Nc3 g6 3. e4 d6 4. g3 Bg7 5. Bg2 O-O 6. Nge2 Nc6 7. O-O e5 8. d3
Bg4 9. h3 Bd7 10. Be3 Qc8 11. Kh2 a6 12. Qd2 Re8 13. Nd5 Nxd5 14. cxd5 Ne7 15.
Rac1 f5 16. b4 c6 17. Nc3 Rf8 18. Na4 Qe8 19. Nb6 Rb8 20. Rc2 Nc8 21. Nxd7 Qxd7
22. dxc6 bxc6 23. exf5 Rxf5 24. Bxc6 Qe7 25. Be4 Rf8 26. Bd5+ Kh8 27. Rfc1 Nb6
28. Bb3 Qf6 29. Rc6 Qd8 30. Kg2 Rb7 31. a4 d5 32. Bc5 Bf6 33. Bxf8 Bg5 34. f4
exf4 35. gxf4 Bxf4 36. Qxf4 Rf7 37. Qd4+ Kg8 38. Bh6 Qa8 39. Qxb6 Qe8 40. Re6
Qa8 41. Qc6 Rf2+ 42. Kxf2 Qa7+ 43. Qb6 Qf7+ 44. Rf6 1-0

[Event "25. Open Internacional de Parla 2010"]
[Site "Parla ESP"]
[Date "2010.09.04"]
[Round "1.30"]
[White "Sanchez-Guijaldo Vela, Demetrio"]
[Black "Zhynguel Zhynguel, Alex"]
[Result "1-0"]
[WhiteElo "2128"]
[BlackElo "1680"]
[PlyCount "95"]
[EventDate "2010.09.04"]
[EventType "swiss"]
[EventRounds "9"]
[EventCountry "ESP"]
[Source "lmi"]
[SourceDate "2010.09.04"]

1. e4 b6 2. d4 e6 3. c4 Bb7 4. Bd3 Nf6 5. f3 h6 6. Ne2 Nc6 7. Nbc3 Bb4 8. Bd2
Nh5 9. O-O Bd6 10. e5 Be7 11. g4 Nf6 12. exf6 Bxf6 13. Be3 h5 14. h3 hxg4 15.
hxg4 Qe7 16. Ne4 g6 17. Qd2 Bg7 18. Kg2 O-O-O 19. Rh1 d5 20. cxd5 exd5 21. N4c3
Nb4 22. a3 Nxd3 23. Qxd3 Rde8 24. Rxh8 Bxh8 25. Bf2 Qg5 26. Ng3 Kb8 27. Rd1 c6
28. Rd2 Bc8 29. Re2 Rf8 30. Qe3 Qxe3 31. Bxe3 f5 32. gxf5 gxf5 33. f4 Rg8 34.
Kf3 c5 35. Rd2 Rd8 36. Nce2 c4 37. Nc3 a6 38. Rh2 Be6 39. Rh7 Re8 40. Na4 b5
41. Nc5 Bc8 42. Nd7+ Ka8 43. Nb6+ Kb8 44. Nxc8 Rxc8 45. Nxf5 Rd8 46. Ne7 Kb7
47. Ng6+ Kb6 48. Nxh8 1-0